[Event "AUTO-MASTER-3287"]
[Site "http://www.queenalice.com/game.php?id=1865144"]
[Date "2025.11.4"]
[Round "1"]
[White "matamuff"]
[Black "Fauquinelle"]
[Result "1/2-1/2"]
[WhiteElo "1830"]
[BlackElo "2007"]

1. Na3 d5 2. Nf3 Nc6 3. e3 e5 4. d3 Nf6 5. c3 Bg4 6. Be2 Bxa3 7. bxa3 O-O 8. h3
Bf5 9. O-O e4 10. Nd4 Nxd4 11. cxd4 Nd7 12. dxe4 dxe4 13. Bb2 Nb6 14. Bg4 Bg6
15. Qb3 Kh8 16. Rac1 f5 17. Be2 Bf7 18. Qc2 Nd5 19. Bc4 Rc8 20. Qb3 b6 21. Qd1
g6 22. Bb3 Kg7 23. Qe2 a5 24. Bxd5 Qxd5 25. Ba1 Qxa2 26. Qxa2 Bxa2 27. Rfd1 Bd5
28. Bc3 Rf7 29. Rd2 c6 30. Bb2 Rb7 31. Rdc2 Kf7 32. Kh2 b5 33. Rc5 Rbc7 34. Bc3
Ra8 35. Bd2 Ke6 36. Rxb5 a4 37. Bb4 Kd7 38. Rbc5 Rb7 39. g3 h6 40. h4 1/2-1/2

[Event "AUTO-MASTER-3287"]
[Site "http://www.queenalice.com/game.php?id=1865145"]
[Date "2025.11.4"]
[Round "1"]
[White "Fauquinelle"]
[Black "matamuff"]
[Result "1/2-1/2"]
[WhiteElo "2019"]
[BlackElo "1822"]

1. d4 d6 2. c4 g6 3. Nc3 Bg7 4. e4 a6 5. Nf3 Bg4 6. Be2 e6 7. O-O Ne7 8. Ne1
Bxe2 9. Nxe2 Nd7 10. Nf3 O-O 11. Rb1 b6 12. b3 h6 13. Bb2 Kh7 14. Qc2 Rb8 15.
Rfd1 Qc8 16. e5 d5 17. h4 f5 18. Nf4 Rf7 19. Nxe6 Nxe5 20. Nxg7 Nxf3+ 21. gxf3
Rxg7 22. f4 c6 23. Bc1 Ng8 24. Bd2 Nf6 25. f3 Qd7 26. Re1 Re8 27. Re3 b5 28.
cxb5 Rxe3 29. Bxe3 Re7 30. bxc6 Qc7 31. Re1 Re6 32. Qb2 Nh5 33. Qd2 Rxc6 34. Rc1
Rxc1+ 35. Qxc1 Qxc1+ 1/2-1/2

[Event "AUTO-ADV-4886"]
[Site "http://www.queenalice.com/game.php?id=1865933"]
[Date "2025.11.20"]
[Round "2"]
[White "matamuff"]
[Black "Carlos19"]
[Result "1-0"]
[WhiteElo "1803"]
[BlackElo "1555"]

1. Na3 e5 2. Nc4 d6 3. e4 b5 4. Ne3 Nf6 5. d3 Nc6 6. Nf3 Bg4 7. c3 Be7 8. Be2
Bxf3 9. Bxf3 O-O 10. b4 a5 11. bxa5 Nxa5 12. O-O c6 13. Bd2 c5 14. Qb1 Qb8 15.
h3 c4 16. Nf5 Ra7 17. Nxe7+ Rxe7 18. Bg5 Re6 19. Bxf6 Rxf6 20. Qc1 cxd3 21. Qd2
Nc4 22. Qc1 h6 23. Rd1 d2 24. Qc2 Qb6 25. a4 Qa5 26. Be2 Rc8 27. Bxc4 bxc4 28.
Rxd2 Rc5 29. f3 g5 30. Qb2 d5 31. Qb8+ Kg7 32. Qxe5 Kg6 33. Rxd5 Rxd5 34. exd5
Qd8 35. Qe4+ Kg7 36. Qxc4 Qb6+ 37. Qd4 Qb2 38. Rd1 Qb3 39. Re1 Kg6 40. Re8 Qb1+
41. Kh2 Qf5 42. Qe4 Qxe4 43. Rxe4 Rd6 44. c4 Kg7 45. Rd4 f5 46. c5 Ra6 47. c6
Ra8 48. d6 h5 49. d7 g4 50. f4 gxh3 51. Kxh3 Kf7 52. d8=Q Rxd8 53. Rxd8 Ke7 54.
Rd1 1-0

[Event "AUTO-ADV-4907"]
[Site "http://www.queenalice.com/game.php?id=1866635"]
[Date "2025.12.6"]
[Round "1"]
[White "matamuff"]
[Black "Capixabba789"]
[Result "1-0"]
[WhiteElo "1803"]
[BlackElo "1881"]

1. Na3 e5 2. Nc4 d5 3. Nxe5 Nf6 4. Ngf3 Bd6 5. d4 O-O 6. Bg5 Be6 7. g3 Nbd7 8.
Nxd7 Bxd7 9. Bg2 c6 10. O-O Re8 11. c3 b5 12. a3 a5 13. Re1 h6 14. Bxf6 Qxf6 15.
Qc2 a4 16. Nd2 Bg4 17. f3 Bh5 18. Qd3 Rad8 19. Rf1 Bg6 20. e4 dxe4 21. fxe4 Qg5
22. Rae1 f5 23. Rf2 fxe4 24. Nxe4 Qe7 25. Rfe2 Kh8 26. Qf3 Bb8 27. Nc5 Qf8 28.
Qxf8+ Rxf8 29. Ne6 Ba7 30. Nxd8 Rxd8 31. Bxc6 Bd3 32. Re8+ Rxe8 33. Rxe8+ Kh7
34. Ra8 Bb6 35. Bxb5 Bxb5 36. Rb8 1-0